000 00768cam a2200265 4500
008 000000n2000 000 0 eng u
020 _a1860814085
035 _a(Sirsi) u107930
041 _aeng
100 _aMurray, Matthew
245 _aCleaning exterior masonry: methods and materials.
260 _aLondon
_bCRC Ltd
_c2000
300 _a8p. : ill. ; 30cm.
350 _a0
490 _aBRE Digest
_v449 part 2
650 _aCLEANING MATERIALS
650 _aBUILT ENVIRONMENT-BUILDING ELEMENTS-COMPLETE BUILDING ELEMENTS-WALLS-EXTERNAL WALLS
650 _aMASONRY
650 _aSTONE CLEANING
690 _aBUILDING CONSERVATION
700 _aPryke, Stuart
700 _aYates, Tim
710 _aBuilding Research Establishment
942 _n0
999 _c100740
_d100740